Witton booth on valuations for rating
| Main Author: | |
|---|---|
| Other Authors: | |
| Format: | Book |
| Published: |
London :
Butterworth ,
1947
|
| Subjects: |
MARC
| LEADER | 00000cam a2200000 7i4500 | ||
|---|---|---|---|
| 001 | 0000007759 | ||
| 005 | 20161102.0 | ||
| 040 | |a INS | ||
| 090 | 0 | 0 | |a HJ3463 1947 |b B6 1947 |
| 100 | 0 | |a Booth, Ernest Witton | |
| 245 | 0 | 0 | |a Witton booth on valuations for rating |c F.A. Amies, E. Rowland Booth |
| 260 | |a London : |b Butterworth , |c 1947 | ||
| 300 | |a 1302p ; |c 23 cm. | ||
| 650 | 0 | 0 | |a Valuation for rating |
| 700 | 1 | |a Amies, F.A | |
| 999 | |a 0000024104 |b BOOK |c Open Shelf |e Default branch | ||